| 000 | 00578nam a22001697a 4500 | ||
|---|---|---|---|
| 003 | NUST | ||
| 038 | _aNusrat Nadeem | ||
| 082 | _a200 | ||
| 100 |
_aNawaz, Muhammad Awais _997362 |
||
| 245 |
_aA Hybrid Machine Learning Technique for Short-Term Electric Load Forecasting for Residential Users / _cMuhammad Awais Nawaz |
||
| 264 |
_aIslamabad : _bSEECS, NUST, _c2022. |
||
| 300 | _a42 p. ; | ||
| 650 |
_aMS-Computer Science _926780 |
||
| 700 |
_aSupervisor: Dr. Hashir Moheed Kiani _997357 |
||
| 856 | _uhttp://10.250.8.41:8080/xmlui/handle/123456789/29972 | ||
| 942 |
_2ddc _cSC |
||
| 999 |
_c591032 _d591032 |
||